Bengali Poets by their Pen names - Statistics

General Stats
  • This quiz has been taken 125 times
  • The average score is 4 of 23
Answer Stats
Pen Names Poets % Correct
Anila Devi Sarat Chandra Chattopadhyay
82%
Vanu Singha Rabindranath Thakur
39%
Nillohit Sunil Ganguly
35%
Hutum Pecha kaliprasanna singha
32%
Tekchad Thakur Pari Chad Mitra
25%
Kalkut Somoresh Basu
21%
Sunondo Narayan Ganguly
15%
Kalpecha Binay Ghosh
13%
Jajabor Binay Mukhopadhyay
12%
Jora Sondho Charuchandro Chokroborty
12%
Nilkontho Dipendro Sanyal
11%
Parsuram Rajshekar Basu
11%
Bikorno Narayan Sanyal
10%
Sopno Buro Akhil Niyogi
8%
Moumachi Bimal Chandra Ghosh
7%
Beduin Debesh Ray
7%
Birpakho Birendra Krishna Bhadra
6%
Sripantho Nikhil Sarkar
5%
Birbal Promotho Chowdhury
5%
Rupdrisho Gour Kishore Ghosh
4%
Bonoful Balaichand Bondopadhyay
1%
Jubnatso Manish Ghatak
0%
Mohasthobir Premankar Athorthi
0%
No matching quizzes found
Score Distribution
Percent of People with Each Score
Percentile by Number Answered
Your Score History
You have not taken this quiz